University Home | Library Home | Institutional Repository

Wild life diseases. (Record no. 131188)

MARC details
000 -LEADER
fixed length control field 00405cam5a220016900 4500
001 - CONTROL NUMBER
control field tmp15948532
003 - CONTROL NUMBER IDENTIFIER
control field UPRA
005 - DATE AND TIME OF LATEST TRANSACTION
control field 20190822105418.0
008 - FIXED-LENGTH DATA ELEMENTS--GENERAL INFORMATION
fixed length control field 951115s1976 xx eng u
035 ## - SYSTEM CONTROL NUMBER
System control number (Sirsi) r50655
035 ## - SYSTEM CONTROL NUMBER
System control number (UPRA)tmp15948532
040 ## - CATALOGING SOURCE
Transcribing agency UPRA
245 00 - TITLE STATEMENT
Title Wild life diseases.
260 ## - PUBLICATION, DISTRIBUTION, ETC.
Date of publication, distribution, etc. 1976.
949 ## - LOCAL PROCESSING INFORMATION (OCLC)
a SF997
w lcc
i -64072
m MAIN
p 2950
t BOOK
l ON-SHELF

No items available.

© 2026 - The University of Zambia Library - Koha v25.11